Régions du Portugal - Quiz - Statistiques

Statistiques générales
  • Ce quiz a été pris 52 fois
  • Le résultat moyen est 5 sur 9
Réponses sur la Carte
Les réponses sont colorées sur une échelle allant du rouge au vert en fonction du pourcentage des utilisateurs qui les ont devinées à leur premier essai. Vous pouvez retrouver ces pourcentages ci-dessous.
 
Statistiques - réponses
Région % Correct
Grand Lisbonne
87%
Açores
78%
Algarve
78%
Madère
74%
Alentejo
57%
Centre
48%
Nord
48%
Péninsule de Setúbal
26%
Ouest et vallée du Tage
4%
Aucun quiz correspondant
Distribution des résultats
% des personnes avec chaque résultat
Percentile par nombre de réponses
Votre historique - résultats
Vous n’avez pas pris ce quiz